| 000 | 00733nam a22002417a 4500 | ||
|---|---|---|---|
| 003 | 0 | ||
| 005 | 20250718142841.0 | ||
| 008 | 240921b xxu||||| |||| 00| 0 eng d | ||
| 020 | _a978-0-357-79385-5 | ||
| 050 |
_aPE 1479 _b.K57 2024 |
||
| 100 | _aKirszner, Laurie G. | ||
| 245 |
_aPortable literature: _cKirszner, Laurie G. _breading, reacting, writing |
||
| 250 | _a10th ed. | ||
| 260 |
_aAustralia _bCengage _cC2024 |
||
| 300 |
_axxx, 117p.: _bill.: _c23cm. |
||
| 500 | _aEnglish language--rhetoric. | ||
| 501 | _aLiterature--history & criticism--theory, etc. | ||
| 501 | _aAcademic writing. | ||
| 501 | _aCriticism--authorship. | ||
| 501 | _aCollege readers. | ||
| 650 | _aIncludes glossary & index. | ||
| 942 |
_2lcc _cBK |
||
| 999 |
_c366304 _d366304 |
||